| 000 | 00682nam a22002057a 4500 | ||
|---|---|---|---|
| 005 | 20100811132752.0 | ||
| 010 | _aENG-99614 | ||
| 020 | _c75.00 | ||
| 035 | _aEN-83146 | ||
| 037 | _bDBAD/PUB | ||
| 082 | _a330.1 | ||
| 100 |
_aPrakash, T. _910887 |
||
| 245 |
_aHistory of economics thought / _cby T. Prakash |
||
| 260 |
_aErode _bPallavi Pathippagam _c2008 |
||
| 270 |
_a194, Kanna Complex, Mettur Road, Erode _bErode _e11 |
||
| 300 |
_a140p. _c20cm (pbk) |
||
| 650 |
_aEconomics _910888 |
||
| 942 |
_2ddc _cEN _h330.1 _mPRA |
||
| 999 |
_c40962 _d40962 |
||